[Event "Barcelona Sant Marti op-B 23rd"]
[Site "Barcelona"]
[Date "2023.07.16"]
[Round "4"]
[White "Richert, Cristian Alejandro"]
[Black "Longueira Lateana, Mariano"]
[Result "0-1"]
[WhiteElo "1795"]
[BlackElo "1630"]
[PlyCount "90"]
[EventDate "2023.07.13"]
[EventType "swiss"]
[EventRounds "9"]
[EventCountry "ESP"]
[SourceTitle "CBM 215 Extra"]
[Source "ChessBase"]
[SourceDate "2023.09.30"]
[SourceVersion "1"]
[SourceVersionDate "2023.09.30"]
[SourceQuality "1"]

1. c4 f5 2. Nf3 Nf6 3. g3 g6 4. Bg2 Bg7 5. Nc3 d6 6. d4 0-0 7. 0-0 c6 8. b4 e5 9. Qb3 e4 10. Ng5 Kh8 11. d5 h6 12. Nh3 g5 13. Bb2 Nbd7 14. Rad1 Qe7 15. f4 g4 16. Nf2 Rb8 17. e3 cxd5 18. cxd5 b5 19. Ne2 Nb6 20. Nd4 Bd7 21. h3 h5 22. hxg4 hxg4 23. Kh2 Nc4 24. Bc1 Nxd5 25. Rh1 Ndb6 26. Kg1+ Kg8 27. Rh5 Qf7 28. Rh2 d5 29. Kf1 Bf6 30. Ke2 Kg7 31. Rdh1 Rh8 32. Bd2 Rxh2 33. Rxh2 Bxd4 34. exd4 e3 35. Bxe3 Re8 36. Nd1 Nxe3 37. Kf2 Nxd1+ 38. Qxd1 Qe6 39. Bf1 Qe3+ 40. Kg2 Rc8 41. Rh5 Rc3 42. Rg5+ Kf6 43. Qb1 Qxg3+ 44. Kh1 Qxf4 45. Rg8 Rc1 0-1